00422 a2200109 4500001000900000005001700009008004100026245013700067100001900204773007200223999001700295ART_324220260410161713.0260409a 10a"Precios de transferecia", rentabilidad y esfuerzos de investigación y desarrollo.Un estudio de casos en el mercado farmacéutico1 aKatz, Jorge M.0 tDesarrollo económicog- Vol. 16, Nº 62 (jul./sep. 1976)wREV1174 c16246d16246